The invertebrates : function and form /

Guardado en:
Autor Principal: Sherman, Irwin W.
Otros Autores: Sherman, Vilia G.
Formato: Libro
Publicado: New York : Macmillan, 1970
Materias:
Etiquetas: Agregar Etiqueta
Sin Etiquetas, Sea el primero en etiquetar este registro!
LEADER 00747nam a22002415a 4500
001 CEM.cems017619
005 20110615091904.0
008 130507s1970##################000#0#####d
003 CEMS
082 0 4 |a 592 
100 1 |a Sherman, Irwin W. 
245 1 0 |a The invertebrates :  |b function and form /  |c Irwin W. Sherman y Vilia G. Sherman 
260 |a New York :  |b Macmillan,  |c 1970 
300 |a 304 p. 
500 |a A laboratory guide 
653 |a Invertebrados 
653 |a Invertebrates 
653 |a Invertebrados-función 
653 |a Invertebrates-function 
653 |a Invertebrados-guía de laboratorio 
653 |a Invertebrates-laboratory guide 
700 1 |a Sherman, Vilia G. 
859 |a CEMS  |b BIB. CEMS - Agricultura  |h 592  |i Sh55  |p A0283.33  |t Ej.1